<?xml version="1.0" encoding="UTF-8"?>
<record
    xmlns:xsi="http://www.w3.org/2001/XMLSchema-instance"
    xsi:schemaLocation="http://www.loc.gov/MARC21/slim http://www.loc.gov/standards/marcxml/schema/MARC21slim.xsd"
    xmlns="http://www.loc.gov/MARC21/slim">

  <leader>00677nam a22002297a 4500</leader>
  <datafield tag="999" ind1=" " ind2=" ">
    <subfield code="c">44982</subfield>
    <subfield code="d">44982</subfield>
  </datafield>
  <controlfield tag="003">BI-BuBU</controlfield>
  <controlfield tag="008">210621b2008     fr||||fr|||| 00| 0 fre d</controlfield>
  <datafield tag="020" ind1=" " ind2=" ">
    <subfield code="a">978-2-7110-0937-4</subfield>
  </datafield>
  <datafield tag="037" ind1=" " ind2=" ">
    <subfield code="a">don</subfield>
    <subfield code="b">208200</subfield>
  </datafield>
  <datafield tag="039" ind1=" " ind2=" ">
    <subfield code="a">20210621110423.0</subfield>
    <subfield code="b">Primitive Nibigira</subfield>
  </datafield>
  <datafield tag="040" ind1=" " ind2=" ">
    <subfield code="a">BI-BuBU</subfield>
    <subfield code="b">fre</subfield>
    <subfield code="c">BI-BuBU</subfield>
    <subfield code="d">BI-BuBU</subfield>
  </datafield>
  <datafield tag="080" ind1=" " ind2=" ">
    <subfield code="a">336.2.</subfield>
  </datafield>
  <datafield tag="100" ind1="1" ind2=" ">
    <subfield code="4">aut.</subfield>
    <subfield code="a">Madignier, Michel-Pierre</subfield>
  </datafield>
  <datafield tag="245" ind1="0" ind2=" ">
    <subfield code="a">Fiscalit&#xE9; agricole et viticole approfondie</subfield>
    <subfield code="c">Michel-Pierre Madignier</subfield>
  </datafield>
  <datafield tag="260" ind1=" " ind2=" ">
    <subfield code="a">Paris</subfield>
    <subfield code="b">Litec</subfield>
    <subfield code="c">2008</subfield>
  </datafield>
  <datafield tag="300" ind1=" " ind2=" ">
    <subfield code="a">XIV-687p.</subfield>
    <subfield code="b">couv.en coul.</subfield>
    <subfield code="c">24 cm</subfield>
  </datafield>
  <datafield tag="650" ind1=" " ind2="7">
    <subfield code="a">Fiscalit&#xE9; agricole</subfield>
  </datafield>
  <datafield tag="650" ind1=" " ind2="7">
    <subfield code="a">Fiscalit&#xE9; viticole</subfield>
  </datafield>
  <datafield tag="655" ind1=" " ind2=" ">
    <subfield code="2">BI-BuBU</subfield>
  </datafield>
  <datafield tag="942" ind1=" " ind2=" ">
    <subfield code="2">udc</subfield>
    <subfield code="c">BK</subfield>
  </datafield>
  <datafield tag="952" ind1=" " ind2=" ">
    <subfield code="0">0</subfield>
    <subfield code="1">0</subfield>
    <subfield code="2">udc</subfield>
    <subfield code="4">0</subfield>
    <subfield code="7">0</subfield>
    <subfield code="9">72653</subfield>
    <subfield code="a">BISA </subfield>
    <subfield code="b">BISA </subfield>
    <subfield code="d">2021-06-21</subfield>
    <subfield code="e">don</subfield>
    <subfield code="g">59.00</subfield>
    <subfield code="l">0</subfield>
    <subfield code="o">336.2.MAD.EX.1</subfield>
    <subfield code="p">5010000506971</subfield>
    <subfield code="r">2021-06-21</subfield>
    <subfield code="t">1</subfield>
    <subfield code="w">2021-06-21</subfield>
    <subfield code="y">BK</subfield>
    <subfield code="i">208200</subfield>
  </datafield>
  <datafield tag="952" ind1=" " ind2=" ">
    <subfield code="0">0</subfield>
    <subfield code="1">0</subfield>
    <subfield code="2">udc</subfield>
    <subfield code="4">0</subfield>
    <subfield code="7">0</subfield>
    <subfield code="9">72654</subfield>
    <subfield code="a">BISA </subfield>
    <subfield code="b">BISA </subfield>
    <subfield code="d">2021-06-21</subfield>
    <subfield code="e">don</subfield>
    <subfield code="g">59.00</subfield>
    <subfield code="l">0</subfield>
    <subfield code="o">336.2.MAD.EX2</subfield>
    <subfield code="p">5010000506988</subfield>
    <subfield code="r">2021-06-21</subfield>
    <subfield code="t">2</subfield>
    <subfield code="w">2021-06-21</subfield>
    <subfield code="y">BK</subfield>
    <subfield code="i">208201</subfield>
  </datafield>
  <datafield tag="952" ind1=" " ind2=" ">
    <subfield code="0">0</subfield>
    <subfield code="1">0</subfield>
    <subfield code="2">udc</subfield>
    <subfield code="4">0</subfield>
    <subfield code="7">0</subfield>
    <subfield code="9">72657</subfield>
    <subfield code="a">BISA </subfield>
    <subfield code="b">BISA </subfield>
    <subfield code="d">2021-06-22</subfield>
    <subfield code="e">don</subfield>
    <subfield code="g">59.00</subfield>
    <subfield code="l">0</subfield>
    <subfield code="o">336.2.MAD.EX.3</subfield>
    <subfield code="p">5010000506995</subfield>
    <subfield code="r">2021-06-22</subfield>
    <subfield code="t">3</subfield>
    <subfield code="w">2021-06-22</subfield>
    <subfield code="y">BK</subfield>
    <subfield code="i">208202</subfield>
  </datafield>
</record>
